00704nam a2200217 a 450000100100000000500170001000800410002702000150006804000250008308200140010810000140012224500940013626000520023030000280028249000330031065000180034365000330036165000280039470000310042283000330045300002282120250725140219.0101118s1998 dr a 001 0 spa d a849236212x aDO-SdBNPbspacBNPHU a113bE42p0 a[Elías]13aLa posición de la aguja en el reloj profético /cElías ; prólogo Gaetano Herrera. aSanto Domingo :bSolar,c1998.fAmigo del Hogar a169 p. :bil. ;c23 cm.1 aLa voz del séptimo ángel 0a Cosmología 4aFilosofía de la naturaleza 4aSimbolismo en la biblia1 aHerrera, Gaetano,epról. 0aLa voz del séptimo ángel